| 000 | 00550nam a22001817a 4500 | ||
|---|---|---|---|
| 003 | CEME | ||
| 005 | 20210628210100.0 | ||
| 008 | 210211b xxu||||| |||| 00| 0 eng d | ||
| 020 | _a81-203-1311-9 | ||
| 040 | _c. | ||
| 082 | _a004.16 BOY | ||
| 100 |
_aBoyce, Jim Dunn, Sheldon Turkstra, Chris _978080 |
||
| 245 | _aUpgrading pcs illustrated step by step illustrations show you exactly how to upgrade your pc | ||
| 260 |
_aNEW DELHI _bPRENTICE HALL _c1997 |
||
| 300 | _a710P | ||
| 650 |
_aPERSONAL COMPUTER - UPGRADING _978081 |
||
| 942 |
_cBK _2ddc |
||
| 999 |
_c583235 _d583235 |
||